[Event "Aragon-chT Preferente Gr I"]
[Site "Aragon"]
[Date "2023.02.04"]
[Round "2.49"]
[White "Cebollada Pacheco, Jesus Raul"]
[Black "Carraminana Lopez, Luis Antonio"]
[Result "1-0"]
[WhiteElo "1955"]
[BlackElo "1901"]
[PlyCount "65"]
[EventDate "2023.01.28"]
[EventType "team-tourn"]
[EventRounds "9"]
[EventCountry "ESP"]
[SourceTitle "EXT 2024"]
[Source "ChessBase"]
[SourceDate "2023.10.10"]
[SourceVersion "1"]
[SourceVersionDate "2023.10.10"]
[SourceQuality "1"]
[WhiteTeam "Casablanca MyInvestor II"]
[BlackTeam "Helios II"]
[WhiteTeamCountry "ESP"]
[BlackTeamCountry "ESP"]

1. e4 e5 2. Nf3 Nf6 3. Bc4 Bc5 4. Nxe5 0-0 5. 0-0 Nxe4 6. Nxf7 Rxf7 7. Bxf7+ Kxf7 8. Qh5+ Kf8 9. Qf5+ Qf6 10. Qxe4 d6 11. Nc3 Nc6 12. Nd5 Qf7 13. Ne3 Be6 14. c3 d5 15. Qxh7 Ne7 16. d4 Bd6 17. Qh8+ Ng8 18. f4 Bf5 19. Nxf5 Qxf5 20. Be3 Re8 21. Rae1 Re6 22. Qh3 Qxh3 23. gxh3 Rh6 24. Rf3 Nf6 25. f5 Rh5 26. Kg2 Ne4 27. Re2 Kf7 28. Bf4 Rxf5 29. Bg3 Kg6 30. Rxf5 Kxf5 31. Re3 g5 32. Bxd6 Nxd6 33. Re5+ 1-0

[Event "Aragon-chT Preferente Gr I"]
[Site "Aragon"]
[Date "2022.03.05"]
[Round "6.37"]
[White "Dominguez Bujeda, Jesus"]
[Black "Cebollada Pacheco, Jesus Raul"]
[Result "1/2-1/2"]
[WhiteElo "2083"]
[BlackElo "1935"]
[PlyCount "78"]
[EventDate "2022.01.29"]
[EventType "team-tourn"]
[EventRounds "9"]
[EventCountry "ESP"]
[SourceTitle "EXT 2024"]
[Source "ChessBase"]
[SourceDate "2023.10.10"]
[SourceVersion "1"]
[SourceVersionDate "2023.10.10"]
[SourceQuality "1"]
[WhiteTeam "Teruel"]
[BlackTeam "Casablanca MyInvestor II"]
[WhiteTeamCountry "ESP"]
[BlackTeamCountry "ESP"]

1. d4 Nf6 2. c4 g6 3. Nc3 Bg7 4. e4 d6 5. h3 0-0 6. Be3 c5 7. Nf3 cxd4 8. Nxd4 Nc6 9. Be2 Nxd4 10. Bxd4 Be6 11. 0-0 a6 12. Qd2 Rc8 13. b3 Bd7 14. Qe3 Bc6 15. Rad1 Nd7 16. Bg4 Bxd4 17. Rxd4 Rc7 18. Bxd7 Rxd7 19. Rfd1 Qc7 20. e5 dxe5 21. Rxd7 Bxd7 22. Nd5 Qd6 23. c5 Qe6 24. Nc7 Qc6 25. Qxe5 Be6 26. Nxe6 fxe6 27. b4 b6 28. h4 bxc5 29. bxc5 Rf6 30. h5 Qa4 31. Rd8+ Kg7 32. hxg6 Qxa2 33. Qd4 Qb1+ 34. Qd1 Qf5 35. Qe2 Qxc5 36. gxh7 Kxh7 37. Rd1 a5 38. Qd2 Kg7 39. Ra1 Rf5 1/2-1/2

[Event "Aragon-chT Preferente"]
[Site "Aragon"]
[Date "2021.05.01"]
[Round "6.36"]
[White "Lorente Melcon, Maximo"]
[Black "Cebollada Pacheco, Jesus Raul"]
[Result "1-0"]
[WhiteElo "1838"]
[BlackElo "1970"]
[PlyCount "89"]
[EventDate "2021.03.13"]
[EventType "team-tourn"]
[EventRounds "9"]
[EventCountry "ESP"]
[SourceTitle "EXT 2024"]
[Source "ChessBase"]
[SourceDate "2023.10.10"]
[SourceVersion "1"]
[SourceVersionDate "2023.10.10"]
[SourceQuality "1"]
[WhiteTeam "Helios II"]
[BlackTeam "Casablanca MyInvestor II"]
[WhiteTeamCountry "ESP"]
[BlackTeamCountry "ESP"]

1. e4 e5 2. Nf3 Nc6 3. Bc4 Bc5 4. c3 Nf6 5. d3 a6 6. a4 d6 7. Nbd2 0-0 8. 0-0 Ba7 9. Re1 Be6 10. Bb3 Re8 11. Nf1 Ng4 12. Ne3 Nxe3 13. Bxe3 Bxe3 14. Rxe3 d5 15. exd5 Bxd5 16. d4 Bxb3 17. Qxb3 exd4 18. Rxe8+ Qxe8 19. cxd4 Rb8 20. Rc1 Qd7 21. h3 h6 22. Rc5 Nd8 23. Qc4 c6 24. Ne5 Qe6 25. Qc2 Qd6 26. Rc4 Ne6 27. Qf5 Nxd4 28. Qxf7+ Kh8 29. Qh5 Rf8 30. Ng6+ Kg8 31. Nxf8 Kxf8 32. Qc5 Qxc5 33. Rxc5 b5 34. axb5 axb5 35. Re5 Kf7 36. Kf1 Kf6 37. Re8 c5 38. Ke1 Ne6 39. g3 b4 40. Kd2 Ng5 41. h4 Kf7 42. Rc8 Ne6 43. Kd3 Ke7 44. Kc4 Kd6 45. Ra8 1-0

[Event "Aragon-chT Preferente"]
[Site "Aragon"]
[Date "2021.03.20"]
[Round "2.47"]
[White "Cebollada Pacheco, Jesus Raul"]
[Black "Orti Stock, Carlos"]
[Result "1/2-1/2"]
[WhiteElo "1970"]
[BlackElo "1826"]
[PlyCount "96"]
[EventDate "2021.03.13"]
[EventType "team-tourn"]
[EventRounds "9"]
[EventCountry "ESP"]
[SourceTitle "EXT 2024"]
[Source "ChessBase"]
[SourceDate "2023.10.10"]
[SourceVersion "1"]
[SourceVersionDate "2023.10.10"]
[SourceQuality "1"]
[WhiteTeam "Casablanca MyInvestor II"]
[BlackTeam "Utebo San Lamberto"]
[WhiteTeamCountry "ESP"]
[BlackTeamCountry "ESP"]

1. e4 e5 2. Nf3 Nc6 3. Bb5 a6 4. Ba4 Nf6 5. 0-0 b5 6. Bb3 Be7 7. Re1 0-0 8. h3 d6 9. c3 Nb8 10. d4 Nbd7 11. Nbd2 Bb7 12. a4 c5 13. d5 Qc7 14. Nf1 Rfc8 15. Ng3 g6 16. Bh6 c4 17. Bc2 b4 18. Nh2 Bf8 19. Qd2 Bg7 20. Qg5 Bxh6 21. Qxh6 Qd8 22. cxb4 Qf8 23. Qg5 h6 24. Qe3 a5 25. b5 Kg7 26. Ng4 Nxg4 27. hxg4 Qe7 28. Ra3 Qh4 29. Bd1 Rc5 30. Rc3 Nb6 31. Nf1 Bc8 32. Qg3 Qg5 33. Qe3 Qh4 34. g3 Qg5 35. f4 exf4 36. gxf4 Qh4 37. Qg3 Qxg3+ 38. Rxg3 Bd7 39. Nd2 Rac8 40. Nb1 Re8 41. Rge3 f5 42. gxf5 gxf5 43. Nc3 fxe4 44. Nxe4 Rxd5 45. Bc2 Bf5 46. Nxd6 Rxe3 47. Nxf5+ Rxf5 48. Rxe3 Rxf4 1/2-1/2

[Event "Aragon-chT Preferente Gr-II"]
[Site "Aragon"]
[Date "2020.02.22"]
[Round "5.71"]
[White "Cebollada Pacheco, Jesus Raul"]
[Black "Asin Jimenez, Pedro Jose"]
[Result "1/2-1/2"]
[WhiteElo "1971"]
[BlackElo "1721"]
[PlyCount "63"]
[EventDate "2020.01.25"]
[EventType "team-tourn"]
[EventRounds "9"]
[EventCountry "ESP"]
[SourceTitle "EXT 2022"]
[Source "ChessBase"]
[SourceDate "2021.10.06"]
[SourceVersion "1"]
[SourceVersionDate "2021.10.06"]
[SourceQuality "1"]
[WhiteTeam "St Casablanca III"]
[BlackTeam "Ejea"]
[WhiteTeamCountry "ESP"]
[BlackTeamCountry "ESP"]

1. e4 d5 2. exd5 Qxd5 3. Nc3 Qa5 4. Bc4 Nf6 5. d3 c6 6. Bd2 Qc7 7. Nge2 e6 8. 0-0 Bd6 9. f4 Nbd7 10. Ng3 Nb6 11. Bb3 0-0 12. Nce4 Be7 13. Bc3 Nbd5 14. Nxf6+ Bxf6 15. Bxf6 Nxf6 16. Qe2 a5 17. a4 b5 18. Nh5 Nd5 19. Qg4 g6 20. Bxd5 exd5 21. Qg5 Qd8 22. Nf6+ Kg7 23. Nh5+ Kg8 24. Qh6 gxh5 25. f5 f6 26. Rf3 Kh8 27. Re1 Ra7 28. Qxh5 Re7 29. Rfe3 Rxe3 30. Rxe3 Bd7 31. axb5 Qb6 32. Qh6 1/2-1/2

[Event "Aragon-chT Preferente Gr-II"]
[Site "Aragon"]
[Date "2019.03.23"]
[Round "9.54"]
[White "Aribau Rivas, Miguel Angel"]
[Black "Cebollada Pacheco, Jesus Raul"]
[Result "1/2-1/2"]
[WhiteElo "2043"]
[BlackElo "2031"]
[PlyCount "32"]
[EventDate "2019.01.26"]
[EventType "team-tourn"]
[EventRounds "9"]
[EventCountry "ESP"]
[SourceTitle "EXT 2020"]
[Source "ChessBase"]
[SourceDate "2019.10.17"]
[SourceVersion "1"]
[SourceVersionDate "2019.10.17"]
[SourceQuality "1"]
[WhiteTeam "Fraga"]
[BlackTeam "St Casablanca II"]
[WhiteTeamCountry "ESP"]
[BlackTeamCountry "ESP"]

1. e4 e5 2. Bc4 Nc6 3. Nf3 Bc5 4. c3 Nf6 5. d3 a6 6. 0-0 d6 7. Bb3 Ba7 8. h3 h6 9. Nbd2 0-0 10. Re1 d5 11. exd5 Nxd5 12. Nc4 Re8 13. Ncxe5 Be6 14. Nxc6 bxc6 15. d4 Qf6 16. Bc2 c5 1/2-1/2

[Event "Aragon-chT Honor Gr I"]
[Site "Aragon"]
[Date "2018.03.10"]
[Round "7.25"]
[White "Gavin Roche, Enrique"]
[Black "Cebollada Pacheco, Jesus Raul"]
[Result "0-1"]
[WhiteElo "2231"]
[BlackElo "2042"]
[PlyCount "70"]
[EventDate "2018.01.27"]
[EventType "team-tourn"]
[EventRounds "7"]
[EventCountry "ESP"]
[SourceTitle "EXT 2019"]
[Source "ChessBase"]
[SourceDate "2018.10.10"]
[SourceVersion "1"]
[SourceVersionDate "2018.10.10"]
[SourceQuality "1"]
[WhiteTeam "Aragon ONCE"]
[BlackTeam "St Casablanca II"]
[WhiteTeamCountry "ESP"]
[BlackTeamCountry "ESP"]

1. d4 Nf6 2. c4 g6 3. Nc3 Bg7 4. e4 d6 5. Be2 0-0 6. Nf3 e5 7. d5 a5 8. Bg5 h6 9. Bh4 Na6 10. Nd2 Qe8 11. a3 Bd7 12. b3 Nh7 13. Qb1 h5 14. f3 Bh6 15. Nf1 f5 16. Bf2 Nf6 17. Ne3 fxe4 18. Nxe4 Nxe4 19. fxe4 Rxf2 20. Kxf2 Qf7+ 21. Bf3 Bg4 22. Re1 Rf8 23. Qd1 Bg5 24. Nf1 Bh4+ 25. Ng3 Qf4 26. Rb1 Nc5 27. Qe2 Nd7 28. Rf1 Nf6 29. Kg1 Bxg3 30. hxg3 Qxg3 31. Rbe1 Kg7 32. Qe3 b6 33. Qg5 Nh7 34. Qe3 Bxf3 35. Re2 Ng5 0-1

[Event "Aragon-chT Honor Gr I"]
[Site "Aragon"]
[Date "2018.03.03"]
[Round "6.21"]
[White "Cebollada Pacheco, Jesus Raul"]
[Black "Del Rey, Diego"]
[Result "0-1"]
[WhiteElo "2042"]
[BlackElo "2323"]
[PlyCount "90"]
[EventDate "2018.01.27"]
[EventType "team-tourn"]
[EventRounds "7"]
[EventCountry "ESP"]
[SourceTitle "EXT 2019"]
[Source "ChessBase"]
[SourceDate "2018.10.10"]
[SourceVersion "1"]
[SourceVersionDate "2018.10.10"]
[SourceQuality "1"]
[WhiteTeam "St Casablanca II"]
[BlackTeam "El Olivar"]
[WhiteTeamCountry "ESP"]
[BlackTeamCountry "ESP"]

1. Nf3 Nf6 2. c4 d6 3. g3 g6 4. Bg2 Bg7 5. Nc3 0-0 6. 0-0 c6 7. d4 Qa5 8. h3 e5 9. dxe5 dxe5 10. Nd2 Na6 11. a3 Rd8 12. Qc2 Bf5 13. Qa4 Qc7 14. Nde4 Nxe4 15. Nxe4 Qc8 16. g4 Bxe4 17. Bxe4 Nc5 18. Qc2 Nxe4 19. Qxe4 f5 20. gxf5 gxf5 21. Qf3 Rd6 22. Kh1 Rg6 23. Rg1 Qe6 24. Qh5 f4 25. Rxg6 hxg6 26. Qg4 Qxc4 27. Kh2 Rd8 28. Be3 Kf7 29. Rg1 Qe6 30. Qxe6+ Kxe6 31. Bxa7 Kf5 32. e4+ Kxe4 33. Rxg6 Rd7 34. h4 Kf5 35. Rg5+ Ke6 36. Kh3 Bf6 37. Rg6 Kf5 38. Rg8 Rd3+ 39. Kg2 Bxh4 40. Bc5 Rb3 41. Rf8+ Ke4 42. Rh8 Bg5 43. Rg8 f3+ 44. Kh3 Bf4 45. Rb8 Rxb2 0-1

[Event "Aragon-chT Preferente B"]
[Site "Aragon"]
[Date "2016.03.12"]
[Round "7.57"]
[White "Lopez Caudevilla, David"]
[Black "Cebollada Pacheco, Jesus Raul"]
[Result "0-1"]
[WhiteElo "2031"]
[BlackElo "2015"]
[PlyCount "54"]
[EventDate "2016.01.30"]
[EventType "team-tourn"]
[EventRounds "9"]
[EventCountry "ESP"]
[SourceTitle "EXT 2018"]
[Source "ChessBase"]
[SourceDate "2017.10.13"]
[SourceVersion "1"]
[SourceVersionDate "2017.10.13"]
[SourceQuality "1"]
[WhiteTeam "Actur Rey Fernando"]
[BlackTeam "St Casablanca III"]
[WhiteTeamCountry "ESP"]
[BlackTeamCountry "ESP"]

1. e4 e5 2. Nf3 Nc6 3. Bb5 a6 4. Ba4 Nf6 5. 0-0 Be7 6. Re1 b5 7. Bb3 d6 8. a4 Rb8 9. axb5 axb5 10. h3 0-0 11. c3 Bb7 12. d4 Ra8 13. Rxa8 Qxa8 14. Nbd2 exd4 15. cxd4 Nb4 16. Qe2 c5 17. dxc5 dxc5 18. e5 Nfd5 19. Qxb5 Ba6 20. Qd7 Rd8 21. Qf5 g6 22. Qg4 Nd3 23. Rd1 N5f4 24. Kh2 h5 25. Qg3 h4 26. Qg4 Bc8 27. e6 f5 0-1

[Event "Zaragoza Primavera op 3rd"]
[Site "Zaragoza"]
[Date "2015.05.31"]
[Round "7"]
[White "Cebollada Pacheco, Jesus Raul"]
[Black "Manguez Cambra, Jose Luis"]
[Result "1-0"]
[WhiteElo "2009"]
[BlackElo "1717"]
[PlyCount "73"]
[EventDate "2015.04.12"]
[EventType "swiss"]
[EventRounds "9"]
[EventCountry "ESP"]
[SourceTitle "EXT 2016"]
[Source "ChessBase"]
[SourceDate "2015.10.08"]
[SourceVersion "1"]
[SourceVersionDate "2015.10.08"]
[SourceQuality "1"]

1. e4 d5 2. exd5 Nf6 3. Nf3 Nxd5 4. d4 Bg4 5. Be2 e6 6. 0-0 Bd6 7. h3 h5 8. Ne5 Bxe2 9. Qxe2 c6 10. c4 Ne7 11. Nc3 Nd7 12. Rd1 Qc7 13. Bf4 Bxe5 14. Bxe5 Nxe5 15. dxe5 Ng6 16. Rd6 Qa5 17. Re1 Rd8 18. Qd2 0-0 19. b4 Qc7 20. c5 Ne7 21. Qg5 Nd5 22. Ne4 Qe7 23. Qxh5 g6 24. Qg4 Kg7 25. a3 Rh8 26. Qg3 Rh5 27. Rd1 Rf5 28. Nf6 Rxf6 29. exf6+ Qxf6 30. Rxd8 Qxd8 31. Qe5+ Kg8 32. g3 a5 33. h4 axb4 34. axb4 Qe7 35. Ra1 f6 36. Ra8+ Kf7 37. Qb8 1-0

[Event "Zaragoza Primavera op 3rd"]
[Site "Zaragoza"]
[Date "2015.05.03"]
[Round "4"]
[White "Cebollada Pacheco, Jesus Raul"]
[Black "Carruez Gracia, Eduardo"]
[Result "1-0"]
[WhiteElo "2009"]
[BlackElo "1736"]
[PlyCount "49"]
[EventDate "2015.04.12"]
[EventType "swiss"]
[EventRounds "9"]
[EventCountry "ESP"]
[SourceTitle "EXT 2016"]
[Source "ChessBase"]
[SourceDate "2015.10.08"]
[SourceVersion "1"]
[SourceVersionDate "2015.10.08"]
[SourceQuality "1"]

1. e4 e6 2. d4 d5 3. Nd2 Nf6 4. e5 Nfd7 5. Bd3 c5 6. c3 Nc6 7. Ne2 cxd4 8. cxd4 f6 9. exf6 Nxf6 10. 0-0 Bd6 11. Nf3 0-0 12. Bg5 Qc7 13. Bh4 Ne4 14. Qc2 e5 15. Bxe4 dxe4 16. Qxe4 exd4 17. Nexd4 Nxd4 18. Qxd4 Rxf3 19. gxf3 Bxh2+ 20. Kg2 Be5 21. Qd5+ Kh8 22. Rfe1 g5 23. Rxe5 Bh3+ 24. Kxh3 gxh4 25. Qd4 1-0

[Event "Aragon-chT Preferente B"]
[Site "Aragon"]
[Date "2014.03.01"]
[Round "6.62"]
[White "Sebastian Bespin, Ruben"]
[Black "Cebollada Pacheco, Jesus Raul"]
[Result "1/2-1/2"]
[WhiteElo "2153"]
[BlackElo "2031"]
[PlyCount "62"]
[EventDate "2014.01.25"]
[EventType "team-tourn"]
[EventRounds "9"]
[EventCountry "ESP"]
[SourceTitle "EXT 2015"]
[Source "ChessBase"]
[SourceDate "2014.11.20"]
[SourceVersion "1"]
[SourceVersionDate "2014.11.20"]
[SourceQuality "1"]
[WhiteTeam "Marcos Frechin"]
[BlackTeam "St Casablanca III"]
[WhiteTeamCountry "ESP"]
[BlackTeamCountry "ESP"]

1. e4 e5 2. Nf3 Nc6 3. Bc4 Bc5 4. c3 Nf6 5. d3 a6 6. Nbd2 Ba7 7. Bb3 0-0 8. Nf1 d5 9. Qe2 dxe4 10. dxe4 Qe7 11. Bc2 Ng4 12. Bg5 Qc5 13. Be3 Nxe3 14. Nxe3 Ne7 15. 0-0 Ng6 16. g3 c6 17. Kg2 Be6 18. Ng5 Qe7 19. h4 Bxe3 20. fxe3 Rad8 21. Nxe6 Qxe6 22. Bb3 Qe7 23. Rad1 Rxd1 24. Qxd1 Nh8 25. Qg4 Rd8 26. Rf2 Kf8 27. Qh5 Kg8 28. Qf5 Rd6 29. Qc8+ Rd8 30. Qf5 Rd6 31. Qc8+ Rd8 1/2-1/2

[Event "Aragon-chT Preferente B"]
[Site "Aragon"]
[Date "2014.01.25"]
[Round "1.54"]
[White "Fernandez Sierra, Pedro Jose"]
[Black "Cebollada Pacheco, Jesus Raul"]
[Result "0-1"]
[WhiteElo "1706"]
[BlackElo "2031"]
[PlyCount "54"]
[EventDate "2014.01.25"]
[EventType "team-tourn"]
[EventRounds "9"]
[EventCountry "ESP"]
[SourceTitle "EXT 2015"]
[Source "ChessBase"]
[SourceDate "2014.11.20"]
[SourceVersion "1"]
[SourceVersionDate "2014.11.20"]
[SourceQuality "1"]
[WhiteTeam "Actur Rey Fernando"]
[BlackTeam "St Casablanca III"]
[WhiteTeamCountry "ESP"]
[BlackTeamCountry "ESP"]

1. e4 e5 2. Nf3 Nc6 3. Bc4 Bc5 4. 0-0 Nf6 5. d3 a6 6. a3 d6 7. Nc3 h6 8. b4 Ba7 9. b5 Nd4 10. h3 axb5 11. Nxb5 Nxb5 12. Bxb5+ c6 13. Bc4 0-0 14. Re1 Re8 15. Bb2 Qb6 16. Rb1 Qxf2+ 17. Kh1 Qg3 18. Nh2 b5 19. Bb3 Be6 20. Qf3 Qxf3 21. Nxf3 Bc5 22. Ra1 Ra6 23. Ra2 Rea8 24. Rea1 Kf8 25. Kh2 Ke7 26. g4 Nd7 27. c3 Bxb3 0-1

[Event "Zaragoza Artistica op"]
[Site "Zaragoza"]
[Date "2013.05.18"]
[Round "9"]
[White "Lorente Aguar, Ruben"]
[Black "Cebollada Pacheco, Jesus Raul"]
[Result "0-1"]
[WhiteElo "1742"]
[BlackElo "2023"]
[PlyCount "58"]
[EventDate "2013.04.13"]
[EventType "swiss"]
[EventRounds "9"]
[EventCountry "ESP"]
[SourceTitle "CBM 154 Extra"]
[Source "ChessBase"]
[SourceDate "2013.06.25"]
[SourceVersion "2"]
[SourceVersionDate "2013.06.25"]
[SourceQuality "1"]

1. e4 e5 2. Nf3 Nc6 3. d4 exd4 4. Nxd4 Bc5 5. Be3 Qf6 6. c3 Nge7 7. Be2 d5 8. Bf3 dxe4 9. Bxe4 Nxd4 10. cxd4 Bb4+ 11. Nc3 0-0 12. 0-0 c6 13. Qb3 Bd6 14. d5 Re8 15. dxc6 Nxc6 16. Bd5 Bc7 17. Ne4 Rxe4 18. Bxe4 Qe5 19. Rfe1 Qxh2+ 20. Kf1 Be6 21. Qc2 Ne5 22. f4 Bc4+ 23. Re2 Qh1+ 24. Bg1 Bb6 25. Ke1 Qxg1+ 26. Kd2 Ba5+ 27. Qc3 Bxc3+ 28. bxc3 Rd8+ 29. Kc2 Qxa1 0-1

[Event "Zaragoza Artistica op"]
[Site "Zaragoza"]
[Date "2013.05.12"]
[Round "8"]
[White "Cebollada Pacheco, Jesus Raul"]
[Black "Fernandez Sierra, Pedro Jose"]
[Result "1-0"]
[WhiteElo "2023"]
[BlackElo "1699"]
[PlyCount "55"]
[EventDate "2013.04.13"]
[EventType "swiss"]
[EventRounds "9"]
[EventCountry "ESP"]
[SourceTitle "CBM 154 Extra"]
[Source "ChessBase"]
[SourceDate "2013.06.25"]
[SourceVersion "2"]
[SourceVersionDate "2013.06.25"]
[SourceQuality "1"]

1. e4 e6 2. d4 d5 3. Nc3 dxe4 4. Nxe4 Bd7 5. Bd3 Bc6 6. Nf3 Nd7 7. 0-0 Ngf6 8. Qe2 Nxe4 9. Bxe4 Bxe4 10. Qxe4 c6 11. c4 Nf6 12. Qe2 Be7 13. Bd2 0-0 14. b4 Qc7 15. a4 Rad8 16. a5 a6 17. Rfc1 Rfe8 18. Rab1 Rb8 19. Ne5 Nd7 20. Nd3 Qd8 21. Qf3 Bg5 22. Bf4 Bxf4 23. Qxf4 Qf6 24. Qxf6 Nxf6 25. Nc5 Red8 26. b5 axb5 27. cxb5 Ra8 28. Nxb7 1-0

[Event "Zaragoza Artistica op"]
[Site "Zaragoza"]
[Date "2013.05.11"]
[Round "7"]
[White "Antonano Fedz Quincoces, Avelino"]
[Black "Cebollada Pacheco, Jesus Raul"]
[Result "1-0"]
[WhiteElo "2099"]
[BlackElo "2023"]
[PlyCount "77"]
[EventDate "2013.04.13"]
[EventType "swiss"]
[EventRounds "9"]
[EventCountry "ESP"]
[SourceTitle "CBM 154 Extra"]
[Source "ChessBase"]
[SourceDate "2013.06.25"]
[SourceVersion "2"]
[SourceVersionDate "2013.06.25"]
[SourceQuality "1"]

1. b3 Nf6 2. Bb2 g6 3. e4 d6 4. g3 Bg7 5. Bg2 c5 6. Ne2 Nc6 7. 0-0 0-0 8. h3 Bd7 9. d3 Rb8 10. Qc1 b5 11. a4 bxa4 12. Rxa4 Nd4 13. Bxd4 cxd4 14. Rxa7 Qc8 15. Kh2 Qc5 16. Ra2 Rfc8 17. Qb2 e5 18. Nd2 d5 19. exd5 Nxd5 20. Nc4 Nb4 21. Ra5 Qc7 22. Rfa1 Bc6 23. Ra7 Rb7 24. Rxb7 Qxb7 25. Nd6 Qc7 26. Nxc8 Bxg2 27. Kxg2 Qxc8 28. Ra4 Nxc2 29. Rc4 Qb7+ 30. Kf1 Nb4 31. Nc1 Bf8 32. Kg1 Qf3 33. Qe2 Qf5 34. g4 Qg5 35. Rc8 Nd5 36. Qf3 Nc3 37. Ne2 Qd2 38. Nxc3 dxc3 39. Rc7 1-0

[Event "Aragon-chT Honor GrB"]
[Site "Aragon"]
[Date "2013.02.23"]
[Round "5.32"]
[White "Palacios Herrero, Pablo"]
[Black "Cebollada Pacheco, Jesus Raul"]
[Result "1/2-1/2"]
[WhiteElo "1963"]
[BlackElo "2030"]
[PlyCount "174"]
[EventDate "2013.01.26"]
[EventType "team"]
[EventRounds "7"]
[EventCountry "ESP"]
[SourceTitle "EXT 2014"]
[Source "ChessBase"]
[SourceDate "2013.11.20"]
[SourceVersion "1"]
[SourceVersionDate "2013.11.20"]
[SourceQuality "1"]
[WhiteTeam "Ramiro"]
[BlackTeam "St Casablanca II"]
[WhiteTeamCountry "ESP"]
[BlackTeamCountry "ESP"]

1. e4 e5 2. Nf3 Nc6 3. Bb5 a6 4. Bxc6 dxc6 5. d4 exd4 6. Qxd4 Qxd4 7. Nxd4 Bd7 8. Be3 0-0-0 9. Nd2 Re8 10. 0-0-0 Ne7 11. Rhe1 Ng6 12. f3 h5 13. Nc4 c5 14. Nb3 b6 15. Bg1 Bb5 16. Ne3 Nf4 17. Rd2 g6 18. Nd5 Bd6 19. Nxb6+ Kb8 20. Nd5 Nxd5 21. Rxd5 f5 22. Bxc5 Bxh2 23. Nd2 Bg3 24. Rd1 Bc6 25. Rd4 Kc8 26. exf5 gxf5 27. Nf1 Be5 28. Rb4 Rhg8 29. Ne3 f4 30. Nc4 Rxg2 31. Nd2 h4 32. Nc4 Bxf3 33. Rd3 Be2 34. Rh3 Bf6 35. Nd2 Bg4 36. Rh1 Ree2 37. Ne4 Rxc2+ 38. Kb1 Bxb2 39. Ba7 Ba3 40. Rb8+ Kd7 41. Nf6+ Ke6 42. Nxg4 Rce2 43. Re8+ Kf5 44. Rxe2 Rxe2 45. Nf2 Rb2+ 46. Ka1 Rb7 47. Bd4 Be7 48. Re1 Bd6 49. Re8 Rb4 50. Bb2 Rc4 51. Kb1 f3 52. Bc1 Bc5 53. Nd3 Bd4 54. Rf8+ Ke4 55. Ne1 f2 56. Rf4+ Kd5 57. Nd3 h3 58. Nxf2 Rxc1+ 59. Kxc1 Be3+ 60. Kc2 Bxf4 61. Nxh3 Be3 62. Kd3 Bc1 63. Nf2 c5 64. Kc3 Be3 65. Nd3 Bd4+ 66. Kc2 Kc4 67. Nc1 a5 68. Nb3 a4 69. Nd2+ Kb4 70. Nb1 Ba1 71. a3+ Kc4 72. Nd2+ Kd4 73. Nf3+ Kd5 74. Kb1 Bc3 75. Kc2 Ba5 76. Ng1 Bc7 77. Ne2 Be5 78. Nc1 Kc4 79. Nd3 Bf6 80. Nf4 Be7 81. Ne2 Bf6 82. Nf4 Kd4 83. Nd3 Kc4 84. Nf4 Be7 85. Ne2 Kb5 86. Nc3+ Ka5 87. Nd5 Bf8 1/2-1/2

[Event "Aragon-chT Preferente A"]
[Site "Aragon"]
[Date "2012.03.17"]
[Round "7.51"]
[White "Cebollada Pacheco, Jesus Raul"]
[Black "Dominguez Luzon, Fernando"]
[Result "1/2-1/2"]
[WhiteElo "2028"]
[BlackElo "2004"]
[PlyCount "43"]
[EventDate "2012.02.04"]
[EventType "team"]
[EventRounds "9"]
[EventCountry "ESP"]
[SourceTitle "EXT 2014"]
[Source "ChessBase"]
[SourceDate "2013.11.20"]
[SourceVersion "1"]
[SourceVersionDate "2013.11.20"]
[SourceQuality "1"]
[WhiteTeam "St Casablanca III"]
[BlackTeam "Delicias CCOO II"]
[WhiteTeamCountry "ESP"]
[BlackTeamCountry "ESP"]

1. e4 c5 2. Nf3 d6 3. d4 cxd4 4. Nxd4 Nf6 5. Nc3 Nc6 6. f3 e5 7. Nb3 Be7 8. Bg5 Be6 9. Qd2 0-0 10. Be3 a5 11. a4 Nb4 12. Bb5 Rc8 13. Rc1 d5 14. exd5 Nfxd5 15. Nxd5 Nxd5 16. 0-0 Nxe3 17. Qxe3 Bg5 18. Qf2 Bxc1 19. Nxc1 Bc4 20. Bxc4 Rxc4 21. Qe2 Qd4+ 22. Kh1 1/2-1/2

[Event "Aragon-chT Preferente-A"]
[Site "Spain"]
[Date "2011.03.12"]
[Round "6.4"]
[White "Barcena Laguia, Francisco"]
[Black "Cebollada Pacheco, Jesus Raul"]
[Result "0-1"]
[WhiteElo "1915"]
[BlackElo "1999"]
[PlyCount "74"]
[EventDate "2011.02.05"]
[EventType "team-tourn"]
[EventRounds "9"]
[EventCountry "ESP"]
[SourceTitle "EXT 2013"]
[Source "ChessBase"]
[SourceDate "2012.11.22"]
[SourceVersion "1"]
[SourceVersionDate "2012.11.22"]
[SourceQuality "1"]
[WhiteTeam "Teruel"]
[BlackTeam "St Casablanca III"]
[WhiteTeamCountry "ESP"]
[BlackTeamCountry "ESP"]

1. d4 Nf6 2. Nf3 g6 3. Bf4 Bg7 4. e3 d6 5. h3 0-0 6. Be2 c5 7. 0-0 b6 8. c4 Bb7 9. Nc3 Nbd7 10. Qc2 cxd4 11. exd4 a6 12. Rfd1 Qc7 13. d5 Ne5 14. Nxe5 dxe5 15. Be3 Rab8 16. Rac1 Nd7 17. Qd2 Rfd8 18. Ne4 Nc5 19. Bxc5 bxc5 20. Qe3 Rbc8 21. g4 Qb6 22. b4 f5 23. gxf5 gxf5 24. bxc5 Qg6+ 25. Kh2 fxe4 26. Rg1 Qf6 27. Rg4 Kh8 28. Rcg1 Rg8 29. c6 Ba8 30. Qa7 e6 31. R1g2 exd5 32. cxd5 Rcf8 33. Bc4 e3 34. Qxe3 Bh6 35. Rxg8+ Rxg8 36. Rxg8+ Kxg8 37. d6+ Kh8 0-1